000 00804nam a2200229 a 4500
005 20191224041645.0
008 140306t2002 cr a gr|||| 00| 0 spa d
040 _aCO-BoIAVH
_cCO-BoIAVH
041 _aspa
044 _acr
082 0 4 _a634.92097286
_bM14e
100 1 _aMcGinley, Kathleen
245 1 _aEvaluations for sustainable forest management
_btowards a adaptive standard for the evaluation of the ecological sustainability of forest management in Costa Rica
260 _aTurrialba
_bCATIE
_c2002
300 _a74 paginas.:
_bilustraciones .;
_c23 x 16 cm.
650 4 _aBosques tropicales
650 4 _aManejo forestal sostenible
650 4 _aEvaluación de sostenibilidad
662 _aCosta Rica
700 1 _aFinegan, Bryan
942 _cLIBRO
_2ddc
999 _c2654
_d2654